Statistics for European Cities that I've Visited Picture Quiz

Click here to take the quiz!

General Stats

  • This quiz has been taken 41 times
  • The average score is 14 of 20

Answer Stats

Answer% Correct
London
100%
Rome
100%
Berlin
87%
Vienna
87%
Amsterdam
79%
Barcelona
79%
Paris
79%
Edinburgh
72%
Lisbon
72%
Madrid
72%
Budapest
69%
Munich
67%
Venice
67%
Florence
64%
Prague
62%
Istanbul
51%
Helsinki
46%
Belgrade
41%
Lucerne
36%
Dubrovnik
21%

Score Distribution

Percentile by Number Answered

Percent of People with Each Score

Your Score History

You have not taken this quiz